El apocalipsis monetario : (Registro nro. 5914)
[ vista simple ]
| 000 -LEADER | |
|---|---|
| fixed length control field | 02624nam a2200241 4500 |
| 001 - CONTROL NUMBER | |
| control field | 0000000620 |
| 005 - DATE AND TIME OF LATEST TRANSACTION | |
| control field | 20250329165508.0 |
| 008 - FIXED-LENGTH DATA ELEMENTS--GENERAL INFORMATION | |
| fixed length control field | 170718s2023 000 0 eng d |
| 040 ## - CATALOGING SOURCE | |
| Original cataloging agency | CO-CtgCURN |
| Language of cataloging | spa |
| Transcribing agency | coctgcurn |
| 082 0# - DEWEY DECIMAL CLASSIFICATION NUMBER | |
| Classification number | TCS 2023 |
| Item number | C541 |
| 100 1# - MAIN ENTRY--PERSONAL NAME | |
| Personal name | Chiquillo Ramirez, Heukaris Anavell. |
| 245 13 - TITLE STATEMENT | |
| Title | El apocalipsis monetario : |
| Remainder of title | Criptomonedas como alternativa de dinamización en la economía colombiana / |
| Statement of responsibility, etc. | Heukaris Anavell Chiquillo Ramirez; Gisselle Paola Garces Miranda; Karen Yulieth Redondo Arellano; asesor: Alberto Gonzalez Manjarres. |
| 260 ## - PUBLICATION, DISTRIBUTION, ETC. | |
| Place of publication, distribution, etc. | Cartagena de Indias : |
| Name of publisher, distributor, etc. | Corporación Universitaria Rafael Nuñez, |
| Date of publication, distribution, etc. | 2023. |
| 504 ## - BIBLIOGRAPHY, ETC. NOTE | |
| Bibliography, etc. note | Trabajo de grado (Tecnologa en contabilidad sistematizada). Corporación Universitaria Rafael Nuñez. Facultad de Ciencias de la Salud. contabilidad sistematizada, 2021. |
| 520 ## - SUMMARY, ETC. | |
| Summary, etc. | "El mundo enfrenta una poca revolucionaria, como lo son los avances tecnolgicos, que han logrado alcanzar y tratar rubros de la economa mundial. Las criptomonedas han sido uno de los descubrimientos con ms influencia en los ltimos tiempos, estos se consideran un conjunto de conceptos y tecnologa que forman las bases de un ecosistema de dinero digital.Las criptomonedas son el trmino que se utiliza para describir todos los tipos de moneda digital que se almacenan y transaccionan en plataformas electrnicas. Estas monedas son emitidas e intercambiadas por un software diseado para registrar las transacciones, rastrear la cantidad existente, validar las nuevas emisiones o descifrar la informacin cifrada con fines de verificacin de identidad. Colombia es una de las naciones ms activas en el mercado de criptomonedas, y su economa se ha visto indiscutiblemente afectada por la aparicin de estos activos digitales. Las criptomonedas han logrado un gran xito en este pas durante los ltimos aos, a pesar del rechazo inicial por parte del gobierno colombiano hacia ellas. A continuacin, analizaremos el impacto que han generado las criptomonedas en Colombia y la funcionalidad de estas como una nueva posibilidad de inversin y dinamizacin para la economa colombiana." |
| 650 #0 - SUBJECT ADDED ENTRY--TOPICAL TERM | |
| Topical term or geographic name entry element | Contabilidad sistematizada |
| General subdivision | Tesis y disertaciones academicas. |
| 700 1# - ADDED ENTRY--PERSONAL NAME | |
| Personal name | Garces Miranda, Gisselle Paola. |
| 700 1# - ADDED ENTRY--PERSONAL NAME | |
| Personal name | Redondo Arellano, Karen Yulieth. |
| 700 1# - ADDED ENTRY--PERSONAL NAME | |
| Personal name | Gonzalez Manjarres, Alberto, |
| Relator term | asesor. |
| 856 ## - ELECTRONIC LOCATION AND ACCESS | |
| Uniform Resource Identifier | <a href="https://unicurn.sharepoint.com/:b:/s/biblioteca/ESCA8BTd2ZxJnz2uquXY00EBOANab2BtCAdtcMYtS1OuqQ?e=22uIlQ">https://unicurn.sharepoint.com/:b:/s/biblioteca/ESCA8BTd2ZxJnz2uquXY00EBOANab2BtCAdtcMYtS1OuqQ?e=22uIlQ</a> |
| Public note | Click aqui para ver el recurso en texto completo |
| 942 ## - ADDED ENTRY ELEMENTS (KOHA) | |
| Classification part | TCS 2023 |
| Item part | C541 |
| Source of classification or shelving scheme | Dewey Decimal Classification |
| Koha item type | Trabajos de grado |
| Withdrawn status | Lost status | Damaged status | Not for loan | Collection | Home library | Current library | Shelving location | Date acquired | Cost, normal purchase price | Inventory number | Total checkouts | Full call number | Barcode | Date last seen | Price effective from | Koha item type |
|---|---|---|---|---|---|---|---|---|---|---|---|---|---|---|---|---|
| Trabajos de grado | Miguel Henríquez Castañeda | Miguel Henríquez Castañeda | Trabajo de grado | 09/23/2023 | 35000.00 | 019017 | TCS 2023 C541 | 019017 | 03/29/2025 | 03/29/2025 | Trabajos de grado |